Instytut Badan Systemowych Polskiej Akademii nauk.

Rozhovor s profesorom R. Kulikowským o činnosti Ústavu pre výskum systémov Poľskej akadémie vied, kde sa zaoberal metodologickými základmi systémovej analýzy a ich uplatňovaním. Odbory zastúpené v Ústave a ich vybavenie vedeckým strojovým vybavením. Ústav je oprávnený udeľovať tituly doktorov a habi...

Descrizione completa

Salvato in:
Dettagli Bibliografici
Autore principale: Kulikowski, R.
Natura: Capitolo di libro
Lingua:polacco
Soggetti:
Tags: Aggiungi Tag
Nessun Tag, puoi essere il primo ad aggiungerne!!

MARC

LEADER 00000naa a2200000 4500
001 r012176
005 20220826094615.4
041 0 |a pol 
044 |a PL 
245 1 0 |a Instytut Badan Systemowych Polskiej Akademii nauk.  |c R. Kulikowski 
520 |a Rozhovor s profesorom R. Kulikowským o činnosti Ústavu pre výskum systémov Poľskej akadémie vied, kde sa zaoberal metodologickými základmi systémovej analýzy a ich uplatňovaním. Odbory zastúpené v Ústave a ich vybavenie vedeckým strojovým vybavením. Ústav je oprávnený udeľovať tituly doktorov a habilitovaných doktorov. Ústav vydáva časopisy Control and Cybernetics, Badania Systemowe a Práce IBS PAN a iné. Autor pôsobil tri roky na amerických univerzitách. 
610 2 0 |a Ústav systémových výskumov PAV 
610 2 0 |a analýza systémová 
610 2 0 |a modely matematické 
610 2 0 |a softvér 
610 2 0 |a DSS 
610 2 0 |a rozhodovanie 
610 2 0 |a metódy matematické 
610 2 0 |a ústavy výskumné 
610 2 0 |a PR 
100 1 |a Kulikowski, R.